| 000 | 01364nam a2200337 c 4500 | ||
|---|---|---|---|
| 003 | BLK | ||
| 005 | 20250730095142.0 | ||
| 008 | 180408b bul|||||r ||||||| ||bul|| | ||
| 010 | _aKNG00085896000 | ||
| 040 | _aBLK | ||
| 041 |
_aBUL _cBUL |
||
| 080 |
_aИталианска литература _b821.131.1 _x-31 _z821.131.1-31 |
||
| 100 | 1 |
_aСалгари, Емилио _eпърви автор _9118568 |
|
| 700 | 1 |
_aХристов, Божан _eпрев. от итал. _9281708 |
|
| 139 |
_aСалгари, Емилио _bС 15 |
||
| 245 | 1 | 0 |
_aЧерния корсар _bРоман _cЕмилио Салгари; прев. от итал. Божан Христов. |
| 257 | _aITA | ||
| 260 |
_аСофия _bЕМАС _c1999 _fСофия : Балканпрес |
||
| 300 |
_a352 с. _c20 см |
||
| 380 | _aX | ||
| 490 | 1 |
_aВечните приключенски романи _v16 |
|
| 500 | _aОриг. загл. Il corsaro nero / Emilio Salgari. - 1. изд. 1981 на изд. Отечество в сер. Избрани книги за деца и юноши. - Офс. изд. | ||
| 590 | _aф | ||
| 653 | _aромани | ||
| 852 | _aЦб 241514 | ||
| 856 | 4 |
_qpdf _u |
|
| 856 | 4 |
_qpdf _u |
|
| 942 |
_cKNG _n0 _08 |
||
| 944 |
_aCR _c16.10.2008 _k30564 _lАнна Гръцманова |
||
| 944 |
_aED _c09.09.2015 _kЛюдмила_Стоянова |
||
| 999 |
_c81392 _d81392 |
||